| 000 | 00491nam a2200145 a 4500 | ||
|---|---|---|---|
| 001 | 000029075 | ||
| 005 | 20200930055320.0 | ||
| 008 | 110217s1989 dr r 000 0 spa d | ||
| 040 |
_aDO-SdBNP _bspa _cBNPHU |
||
| 082 |
_axxxxx _bR434p |
||
| 245 | 0 | 0 |
_aRespuestas para la vida : _brespuestas dignas de confianza a algunas de las preguntas más importanates de la vida /. |
| 260 |
_aSanto Domingo : _bFundación Líderes para el Desarrollo, _c1989. |
||
| 300 |
_a48 p. ; _c21 cm. |
||
| 049 | _aBNPD | ||
| 999 |
_c28567 _d28567 |
||